000 pam a22 a 4500
999 _c4243
_d4243
003 AKMAL
005 20170525160541.0
008 17 s2014 my e l 000 0 may d
020 _a9789678923347
_qpaperback
082 0 4 _a340.09595 MAL
_223
090 0 0 _a340.09595
_bMAL
110 1 _aMalaysia,
_ejurisdiction governed.
_9400
245 1 0 _aUNDANG-UNDANG AM MALAYSIA.
_nJILID 1 (HINGGA 15HB MAC 2014) /
_cDisusun oleh : Lembaga Penyelidikan Undang-Undang
264 1 _aPetaling Jaya, Selangor :
_bInternational Law Book Services,
_c2014
300 _a616 pages ;
_c24 cm.
490 1 _aUNDANG-UNDANG MALAYSIA
650 1 0 _aLaw
_zMalaysia
_9450
651 0 _aMalaysia
_xLaw and legislation
_93752
710 2 _aLembaga Penyelidikan Undang-Undang,
_eeditor.
_98300
830 0 _aUndang-undang Malaysia
_98301
942 _2ddc
_cBOOK